000 00991cam a2200277 4500
008 000000n2000 000 0 eng u
020 _a0582319277
035 _a(Sirsi) u105642
050 _a658.99
100 _aGriffith, Alan
245 _aManagement systems for construction.
260 _aHarlow
_bLongman
_c2000
300 _axiv,353p. ; 25cm.
350 _a21.99
520 _aPublished in collaboration with CIOB, the books is a guide to the six main management areas seen as essential to the success of construction projects; time, cost, quality, health and safety, environmental impact and information technology and communication.
650 _aCHARTERED INSTITUTE OF BUILDING
650 _aTIME MANAGEMENT
650 _aFINANCIAL PLANNING
650 _aCOST CONTROL
650 _aQUALITY SYSTEMS
650 _aCONSTRUCTION INDUSTRY
690 _aBUILDING AND CONSTRUCTION-MANAGEMENT
700 _aStephenson, Paul
700 _aWatson, Paul
942 _n0
999 _c100463
_d100463